LEADER 01181nam0 22003013i 450 001 LO10340027 005 20231121125518.0 100 $a20150203d1943 ||||0itac50 ba 101 | $aita 102 $ait 181 1$6z01$ai $bxxxe 182 1$6z01$an 200 1 $a˜Il œpensiero cristiano$ebrani scelti dal Nuovo Testamento e da Minucio Felice, Arnobio, Lattanzio, Ambrogio, Agostino, inni ed epigrafi cristiane$fUmberto Moricca 205 $a6. ed 210 $aGenova [etc.]$cDante Alighieri$d1943 215 $a239 p.$d21 cm. 606 $aLetteratura cristiana$xAutori latini$xAntologie$2FIR$3LO1C053237$9E 676 $a878.8$9Miscellanea latina. Antologie.$v21 700 1$aMoricca$b, Umberto$3CFIV097616$4070$0161470 790 1$aMoricca$b, Humbertus$3RMSV963725$zMoricca, Umberto 801 3$aIT$bIT-01$c20150203 850 $aIT-FR0017 899 $aBiblioteca umanistica Giorgio Aprea$bFR0017 $eN 912 $aLO10340027 950 0$aBiblioteca umanistica Giorgio Aprea$d 52DFV A 44$e 52BUN0000111345 VMC RS $fA $h20150203$i20150203 977 $a 52 996 $aPensiero cristiano$9601908 997 $aUNICAS LEADER 01000cam2 2200289 450 001 E600200002810 005 20240926080431.0 100 $a20040530d1977 |||||ita|0103 ba 101 $aita 102 $aIT 200 0 $a10: Settembre 1849-giugno 1851$fKarl Marx, Friedrich Engels 210 $aRoma$cEditori Riuniti$d1977 215 $aVII,794 p.$d22 cm. 300 $aA cura di Alberto Aiello 300 $aTrad. di Giovanni De Caria 461 1$1001E600200071737$12000 $aOpere / Karl Marx, Friedrich Engels 700 1$aMarx$b, Karl <1818-1883>$3AF00005784$4070$032587 702 1$aEngels, Friedrich$3AF00014607$4070 801 0$aIT$bUNISOB$c20240926$gRICA 850 $aUNISOB 852 $aUNISOB$j100$m116664 912 $aE600200002810 940 $aM 102 Monografia moderna SBN 941 $aW 957 $a100$b010563$i-10$gSi$d116664$hNegro$1diguida$2UNISOB$3UNISOB$420040530065510.0$520240926080431.0$6rovito 996 $a10: Settembre 1849-giugno 1851$94296936 997 $aUNISOB